Greek mythology - Statistics

General Stats
  • This quiz has been taken 136 times
  • The average score is 72 of 99
Answer Stats
Nr Hint Answer % Correct
10 god of the underworld Hades
97%
6 king of the gods Zeus
97%
7 queen of the gods Hera
96%
11 goddess kidnapped by above Persephone
96%
8 god of the sea Poseidon
96%
2 the earth Gaia
95%
14 three-headed dog who guards the underworld Cerberus
93%
67 god of war Ares
92%
98 goddess of discord Eris
92%
65 mountain where the gods reside Olympus
92%
34 one of the above who was beheaded Medusa
91%
82 god of the wild Pan
91%
50 main hero of the greeks during the trojan war Achilles
90%
59 hero who performed 12 labours Heracles
90%
30 son of above who flew too close to the sun Icarus
90%
35 hero who slayed the above Perseus
90%
72 goddess of beauty Aphrodite
89%
68 goddess of wisdom Athena
89%
48 half horse, half man Centaur
89%
17 personification of the night Nyx
89%
1 void which existed prior to earth and heavens Chaos
88%
21 personification of the sun Helios
88%
39 hero who searched for the golden fleece Jason
88%
31 half bull, half man Minotaur
88%
96 she opened a box containing all evils in the world Pandora
88%
37 winged horse Pegasus
88%
4 titan who overthrew the above to become ruler Cronus
87%
73 god of thieves and travelling Hermes
87%
92 goddess of victory Nike
87%
58 creatures who lure sailor to their death Sirens
87%
69 god of poetry, medecin and the sun Apollo
86%
74 god of wine Dionysus
86%
23 god of love Eros
86%
55 enchantress who turned men into pigs Circe
85%
66 goddess of harvest Demeter
85%
95 goddess of the hearth Hestia
85%
61 creature with 9 heads, when one if cut off, two grow in it's place Hydra
85%
77 9 inspirations of the arts 9 Muses
84%
86 creature with just one eye in the middle of their foreheads Cyclops
84%
53 king of ithaca who built the trojan horse Odysseus
84%
83 he gave fire to men Prometheus
84%
71 god of fire and blacksmiths Hephaestus
82%
15 abyss used as a prison for the titans Tartarus
82%
43 tribe of female warriors Amazons
81%
33 creature with snakes as hair, turned men to stone Gorgon
81%
20 personification of the moon Selene
81%
32 hero who slayed the above Theseus
81%
40 ship sailed by above Argo
80%
51 main trojan hero Hector
80%
89 personification of sleep Hypnos
80%
12 personification of death Thanatos
80%
90 goddess of the rainbow Iris
79%
80 3 sisters who control the destiny of humans Fates
77%
81 term for the minor deities associated with nature Nymph
77%
56 two sea monsters who guard a narrow sea passage Scylla
77%
47 creature who eats those who cannot solve it's riddle Sphinx
77%
62 creature with head of a lion, body of a goat and a snake's tail Chimera
76%
49 wisest of the above, known for his healing abilities Chiron
76%
60 half bird, half woman Harpy
76%
70 goddess of the moon Artemis
75%
3 the heavens Uranus
75%
24 personification of fear Phobos
74%
85 half man, half goat Satyr
74%
36 wife of above, namesake of a galaxy Andromeda
73%
29 famous inventor who created the labyrinth Daedalus
73%
25 personification of the river that encircles the earth Oceanus
73%
41 hero who could charm even stones with his music Orpheus
73%
52 cursed to never be believed Cassandra
71%
13 ferryman of the underworld Charon
71%
88 goddess of magic Hecate
71%
97 hunter who was placed amongst the stars after his death Orion
70%
79 3 sisters who punish wrongdoers Furies
69%
64 half eagle, half lion Griffin
69%
84 goddess of the soul, wife of eros Psyche
68%
91 goddess of retribution Nemesis
67%
57 Charybdis
66%
28 legendary king of crete Minos
64%
46 Pollux
64%
93 goddess of youth Hebe
62%
45 twin brothers who make up the constellation gemini Castor
60%
19 personfication of the dawn Eos
59%
99 god of dreams Morpheus
57%
9 wife of above Amphitrite
56%
54 sorceres who helped and married jason Medea
54%
42 heroine known for her speed Atalanta
51%
38 hero who rode the above Bellerophon
46%
27 god of terror Deimos
40%
16 personifictaion of the darkness Erebus
40%
94 goddess of luck Tyche
40%
18 personification of the day Hemera
33%
44 queen of the above Hippolyta
33%
100 god of doorways Janus
33%
63 creature with a human head, body of a lion and a scorpion's tail Manticore
26%
22 primordial god of the sea Pontus
24%
75 nymphs that tend the garden with the golden apples Hesperides
22%
87 giants with hundred hands and fifty heads Hecatoncheires
20%
26 goddess of misery Oizys
18%
76 7 sisters who were transformed into stars Pleiades
18%
78 goddesses of the seasons Horae
14%
No matching quizzes found
Score Distribution
Percent of People with Each Score
Percentile by Number Answered
Your Score History
You have not taken this quiz